Financial institutions and markets

Spremljeno u:
Bibliografski detalji
Glavni autor: Polakoff, Murray E.
Format: Knjiga
Jezik:Undetermined
Izdano: New York Houghton Mifflin 1970
Teme:
Oznake: Dodaj oznaku
Bez oznaka, Budi prvi tko označuje ovaj zapis!
Thư viện lưu trữ: Trung tâm Học liệu Trường Đại học Cần Thơ
LEADER 00523nam a2200193Ia 4500
001 CTU_99533
008 210402s9999 xx 000 0 und d
082 |a 332.1 
082 |b P762 
100 |a Polakoff, Murray E. 
245 0 |a Financial institutions and markets 
245 0 |c Murray E. Polakoff 
260 |a New York 
260 |b Houghton Mifflin 
260 |c 1970 
650 |a Financial institutions 
650 |z United states 
904 |i Tuyến 
980 |a Trung tâm Học liệu Trường Đại học Cần Thơ